Súčasné problémy slovenskej ekonomiky sú riešiteľné

Kroky potrebné na zlepšenie stavu slovenskej ekonomiky. Potreba poznania reálneho východiskového postavenia slovenskej ekonomiky. Nízka efektívnosť výroby. Dôležitým faktorom potenciálnej konkurencieschopnosti SR v jednotnom európskom trhu je schopnosť exportovať. Nevhodná kombinácia rozpočtovej a m...

Ausführliche Beschreibung

Gespeichert in:
Bibliographische Detailangaben
1. Verfasser: Gonda, Peter
Format: Buchkapitel
Sprache:Slowakisch
Schlagworte:
Tags: Tag hinzufügen
Keine Tags, Fügen Sie das erste Tag hinzu!

MARC

LEADER 00000naa a2200000 4500
001 r031977
005 20230921084142.6
041 0 |a slo 
044 |a SK 
245 1 0 |a Súčasné problémy slovenskej ekonomiky sú riešiteľné  |c Peter Gonda 
520 |a Kroky potrebné na zlepšenie stavu slovenskej ekonomiky. Potreba poznania reálneho východiskového postavenia slovenskej ekonomiky. Nízka efektívnosť výroby. Dôležitým faktorom potenciálnej konkurencieschopnosti SR v jednotnom európskom trhu je schopnosť exportovať. Nevhodná kombinácia rozpočtovej a menovej politiky. Potreba zmeny koncepcie hospodárskej politiky. Nákladnosť udržiavania fixného kurzu koruny. 
610 2 0 |a situácia hospodárska 
610 2 0 |a vývoj hospodársky 
610 2 0 |a efektívnosť výroby 
610 2 0 |a vývoz 
610 2 0 |a politika menová 
610 2 0 |a politika rozpočtová 
610 2 0 |a rozpočet štátny 
610 2 0 |a politika hospodárska 
610 2 0 |a kurz výmenný pevný 
610 2 0 |a koruna 
610 2 0 |a Slovensko 
100 1 |a Gonda, Peter